Match the Roman City to Its Modern Day Counterpart - Statistics

General Stats
  • This quiz has been taken 14 times
  • The average score is 11 of 35
Answer Stats
Hint Answer % Correct
Byzantium Istanbul
93%
Barcino Barcelona
79%
Massilia Marseille
79%
Portus Cale Porto
79%
Lutetia Paris
71%
Colonia Agrippina Cologne
64%
Lugdunum Lyon
50%
Valentia Edetanorum Valencia
50%
Vindobona Vienna
50%
Mediolanum Milan
43%
Philippopolis Plovdiv
43%
Colonia Nervia Glevensium Gloucester
36%
Mamucium Manchester
36%
Hispalis Seville
36%
Lentia Linz
29%
Argentoratum Strasbourg
29%
Aquincum Budapest
21%
Aelia Capitolina Jerusalem
21%
Serdika Sofia
21%
Turicum Zürich
21%
Singidunum Belgrade
14%
Traiectum ad Mosam Maastricht
14%
Urbs Aurelianorum Orléans
14%
Poetovio Ptuj
14%
Juvavum Salzburg
14%
Traiectum ad Rhenum Utrecht
14%
Gerulata Bratislava
7%
Bonames Frankfurt am Main
7%
Volubilis Meknes
7%
Ulpia Noviomagus Batavorum Nijmegen
7%
Storgosia Pleven
7%
Clausentum Southampton
7%
Canstatt Castrum Stuttgart
7%
Pomaria Tlmecen
7%
Andautonia Zagreb
7%
No matching quizzes found
Score Distribution
Percent of People with Each Score
Percentile by Number Answered
Your Score History
You have not taken this quiz